Hidden dimensions of Murambatsvina in Zimbabwe (Record no. 12230)
[ view plain ]
| 000 -LEADER | |
|---|---|
| fixed length control field | 00309 a2200109 4500 |
| 245 ## - TITLE STATEMENT | |
| Title | Hidden dimensions of Murambatsvina in Zimbabwe |
| Medium | |
| 020 ## - INTERNATIONAL STANDARD BOOK NUMBER | |
| International Standard Book Number | 9780798302166 |
| 650 ## - SUBJECT ADDED ENTRY--TOPICAL TERM | |
| Topical term or geographic name entry element | ZIMBABWE HISTORY 2000 |
| 260 ## - PUBLICATION, DISTRIBUTION, ETC. | |
| Place of publication, distribution, etc. | aa |
| Name of publisher, distributor, etc. | Africa Institute of South Africa |
| Date of publication, distribution, etc. | 2008 |
| 084 ## - | |
| -- | NONE |
No items available.